| 000 | 01089cam a2200301Ia 4500 | ||
|---|---|---|---|
| 001 | 39613 | ||
| 005 | 20230410101712.0 | ||
| 008 | 971002s1997 nyuab bc 001 0 eng d | ||
| 010 | _a 97071501 | ||
| 035 | _a(OCoLC)ocm37722382 | ||
| 040 |
_aMTH _cMTH _dOCLCQ |
||
| 035 | _a(OCoLC)37722382 | ||
| 043 | _anwht--- | ||
| 050 | 1 | 4 |
_a110 ND 306 _bI82 1997 |
| 245 | 0 | 0 |
_aIsland on fire : _bpassionate visions of Haiti from the collection of Jonathan Demme. |
| 260 |
_aNyack, N.Y. : _bKaliko Press, _cc1997. |
||
| 300 |
_a220 p. : _bcol. ill., maps ; _c27 cm. |
||
| 500 | _aCatalog of an exhibition held at the Equitable Gallery, New York, June 12-Aug. 15, 1997. | ||
| 504 | _aIncludes bibliographical references (p. 212-214) and index. | ||
| 650 | 0 |
_aPainting, Haitian _vExhibitions. |
|
| 650 | 0 |
_aArt, Haitian _vExhibitions. |
|
| 650 | 0 |
_aPainting, Modern _y20th century _zHaiti _vExhibitions. |
|
| 600 | 1 | 0 |
_aDemme, Jonathan, _d1944- _xArt Collections. |
| 700 | 1 |
_aDemme, Jonathan, _d1944- |
|
| 710 | 2 | _aEquitable Gallery (New York, N.Y.) | |
| 942 |
_2lcc _cbk |
||
| 994 |
_aC0 _bDRFGD |
||
| 999 |
_c12354 _d12354 |
||